000
00256nam a2200097Ia 4500
008
220204s9999 xx 000 0 und d
082
_a
382.5(71)
_b
IMP
245
0
_a
Importers of Indian products Canada
260
_a
Delhi
_b
Foreign Trade Ministry
942
_c
BK
999
_c
22291
_d
22291